000 00663nam a22001815i 4500
001 151629
003 ES-MaACL
005 20230906204312.0
008 050704s1806 gw |||| | ger d
040 _aCAM
_bspa
_cCAM
245 0 0 _aAufsatze und Beobachtungen aus der gerichtlichen Arzenenwissenschaft
_b: Dritte Sammlung /
_cherausgegeben von Johann Theodor Pyl.
250 _a2. unveranderte Auf.
260 _aBerlin :
_bin der Myliussischen Buchhandlung,
_c1806.
300 _a[16], 247 p. ;
_c22 cm.
594 _aLetra gótica.
700 1 _aPyl, Johann Theodor,
_eed. lit.
_9131442
852 _aES-MaACL
_jR-811-16
_z-- Enc. hol.
_xOlim: G-2632-37
999 _c151629
_d151629